[Event "Bogota Kallpa op"]
[Site "Bogota"]
[Date "2025.06.27"]
[Round "2"]
[White "Soto Leguizamon, David Esteban"]
[Black "Rincon Salazar, Emmanuel"]
[Result "1/2-1/2"]
[WhiteElo "1922"]
[BlackElo "1697"]
[PlyCount "47"]
[EventDate "2025.06.25"]
[EventType "swiss"]
[EventRounds "6"]
[EventCountry "COL"]
[SourceTitle "CB27_2025"]
[SourceDate "2025.07.02"]
[SourceVersion "1"]
[SourceVersionDate "2025.07.02"]
[SourceQuality "1"]

1. Nf3 d5 2. g3 Nf6 3. Bg2 e6 4. d4 Be7 5. 0-0 0-0 6. c4 c6 7. b3 b6 8. Nc3 Bb7 9. Bb2 Nbd7 10. Nd2 Qc7 11. e4 dxe4 12. Ndxe4 Nxe4 13. Nxe4 Nf6 14. Qc2 Rad8 15. Rad1 Rd7 16. Rd2 Rfd8 17. Rfd1 c5 18. Nxf6+ Bxf6 19. Bxb7 Qxb7 20. dxc5 Bxb2 21. Qxb2 bxc5 22. Qc3 Rxd2 23. Rxd2 Rxd2 24. Qxd2 1/2-1/2

[Event "COL-ch Amateurs U2000"]
[Site "Honda"]
[Date "2025.05.24"]
[Round "7"]
[White "Soto Leguizamon, David Esteban"]
[Black "Guzman, Juan Pablo"]
[Result "0-1"]
[WhiteElo "1866"]
[BlackElo "1911"]
[PlyCount "78"]
[EventDate "2025.05.22"]
[EventType "swiss"]
[EventRounds "7"]
[EventCountry "COL"]
[SourceTitle "CB22_2025"]
[SourceDate "2025.05.28"]
[SourceVersion "1"]
[SourceVersionDate "2025.05.28"]
[SourceQuality "1"]

1. Nf3 Nf6 2. g3 b6 3. Bg2 Bb7 4. d4 e6 5. 0-0 c5 6. dxc5 Bxc5 7. c4 0-0 8. b3 d5 9. Ne5 Nbd7 10. Bb2 Nxe5 11. Bxe5 Qe7 12. Nd2 Rfd8 13. Qc2 Ng4 14. Bb2 Rac8 15. h3 Nf6 16. Rac1 b5 17. Qb1 dxc4 18. Bxf6 gxf6 19. Bxb7 Qxb7 20. Ne4 Be7 21. bxc4 Rd4 22. f3 Rdxc4 23. Rcd1 f5 24. Nf2 Rc2 25. Rfe1 Bf6 26. Nd3 Qb6+ 27. Kg2 Qe3 28. Nf4 Bd4 29. Rd3 Qf2+ 30. Kh1 Be3 31. Ng2 Rc1 32. Rd8+ Rxd8 33. Rxc1 Bxc1 34. Qxc1 Qxg3 35. h4 e5 36. h5 f4 37. h6 Qh3+ 38. Kg1 Qxh6 39. Qc7 Qb6+ 0-1

[Event "Medellin Sub zt 2.3.2"]
[Site "Medellin"]
[Date "2025.04.17"]
[Round "6"]
[White "Villarraga Quiroga, Yedixon Omar"]
[Black "Soto Leguizamon, David Esteban"]
[Result "0-1"]
[WhiteElo "1842"]
[BlackElo "1723"]
[PlyCount "54"]
[EventDate "2025.04.14"]
[EventType "swiss"]
[EventRounds "9"]
[EventCountry "COL"]
[SourceTitle "CB18_2025"]
[SourceDate "2025.04.30"]
[SourceVersion "1"]
[SourceVersionDate "2025.04.30"]
[SourceQuality "1"]

1. c4 Nf6 2. Nc3 e5 3. g3 Nc6 4. Bg2 Bb4 5. e3 Bc5 6. Nge2 d6 7. 0-0 0-0 8. d4 exd4 9. exd4 Bb6 10. Na4 Bg4 11. Nxb6 axb6 12. Be3 Qd7 13. Re1 Rfe8 14. a3 Re7 15. Qd2 Na5 16. Qc3 Rae8 17. d5 Ne4 18. Bxe4 Rxe4 19. Nd4 c5 20. dxc6 Nxc6 21. Nxc6 Qxc6 22. Bd2 Be2 23. b3 Qc5 24. Kg2 R8e6 25. a4 Rf6 26. Rxe2 Rxe2 27. Be3 Rfxf2+ 0-1

[Event "COL-ch U20"]
[Site "Bogota"]
[Date "2025.02.02"]
[Round "9"]
[White "Soto Leguizamon, David Esteban"]
[Black "Bustamante Herrera, Mateo"]
[Result "1-0"]
[WhiteElo "1595"]
[BlackElo "1821"]
[PlyCount "35"]
[EventDate "2025.01.29"]
[EventType "tourn"]
[EventRounds "9"]
[EventCountry "COL"]
[SourceTitle "CB06_2025"]
[SourceDate "2025.02.05"]
[SourceVersion "1"]
[SourceVersionDate "2025.02.05"]
[SourceQuality "1"]

1. Nf3 Nf6 2. g3 g6 3. Bg2 Bg7 4. 0-0 0-0 5. d4 d5 6. c4 c6 7. Ne5 Nbd7 8. Nc3 Nxe5 9. dxe5 Nd7 10. cxd5 cxd5 11. Bxd5 e6 12. Bg2 Nxe5 13. Qb3 Nc6 14. Rd1 Qe7 15. Be3 Rb8 16. Bxc6 Bxc3 17. bxc3 bxc6 18. Qxb8 1-0

[Event "COL-ch U20"]
[Site "Bogota"]
[Date "2025.02.01"]
[Round "7"]
[White "Soto Leguizamon, David Esteban"]
[Black "Olaya, Horacio"]
[Result "1/2-1/2"]
[WhiteElo "1595"]
[BlackElo "1707"]
[PlyCount "46"]
[EventDate "2025.01.29"]
[EventType "tourn"]
[EventRounds "9"]
[EventCountry "COL"]
[SourceTitle "CB06_2025"]
[SourceDate "2025.02.05"]
[SourceVersion "1"]
[SourceVersionDate "2025.02.05"]
[SourceQuality "1"]

1. Nf3 Nf6 2. g3 b6 3. Bg2 Bb7 4. 0-0 g6 5. c4 Bg7 6. Nc3 c5 7. a3 0-0 8. d3 Nc6 9. Rb1 d6 10. b4 Qd7 11. h3 Rfd8 12. Be3 e6 13. Qc1 Ne7 14. bxc5 dxc5 15. Bxc5 bxc5 16. Ne5 Qc7 17. Rxb7 Qxe5 18. Rxe7 Rab8 19. Rxa7 Rb3 20. Ne4 Nxe4 21. Bxe4 Qh5 22. Qd1 Rb2 23. Kg2 Qxe2 1/2-1/2

[Event "COL-ch Blitz"]
[Site "Bucaramanga"]
[Date "2024.10.27"]
[Round "7.10"]
[White "Narvaez Ramirez, Faber Alberto"]
[Black "Soto Leguizamon, David Esteban"]
[Result "1-0"]
[WhiteElo "1991"]
[BlackElo "1663"]
[PlyCount "73"]
[EventDate "2024.10.27"]
[EventType "swiss (blitz)"]
[EventRounds "11"]
[EventCountry "COL"]
[SourceTitle "CB44_2024"]
[Source "Chessbase"]
[SourceDate "2024.10.30"]
[SourceVersion "1"]
[SourceVersionDate "2024.10.30"]
[SourceQuality "1"]

1. d4 Nf6 2. Nf3 g6 3. g3 Bg7 4. Bg2 0-0 5. 0-0 d5 6. c4 c6 7. Nc3 dxc4 8. Qc2 Be6 9. Rd1 h6 10. e4 Na6 11. a3 Nc7 12. h3 Qd7 13. Kh2 Rad8 14. Be3 Kh7 15. Rac1 Qc8 16. Qa4 a6 17. Qa5 Nb5 18. Ne5 Nd7 19. Nxd7 Rxd7 20. d5 Nxc3 21. bxc3 cxd5 22. exd5 Bf5 23. Bb6 Bd3 24. Re1 Re8 25. Re3 e6 26. dxe6 Rxe6 27. Rxe6 fxe6 28. Re1 Re7 29. h4 Re8 30. h5 gxh5 31. Qxh5 Kh8 32. Re3 Kg8 33. Bh3 Qc6 34. Bg2 Qxb6 35. Qxe8+ Kh7 36. Rxd3 cxd3 37. Be4# 1-0

[Event "COL-ch U16"]
[Site "Florencia Caqueta"]
[Date "2024.10.06"]
[Round "9"]
[White "Valencia Lopez, Rudiger Estiven"]
[Black "Soto Leguizamon, David Esteban"]
[Result "0-1"]
[WhiteElo "1644"]
[BlackElo "1663"]
[PlyCount "88"]
[EventDate "2024.10.06"]
[EventType "swiss (blitz)"]
[EventRounds "9"]
[EventCountry "COL"]
[SourceTitle "CB44_2024"]
[Source "Chessbase"]
[SourceDate "2024.10.30"]
[SourceVersion "1"]
[SourceVersionDate "2024.10.30"]
[SourceQuality "1"]

1. d4 Nf6 2. e3 g6 3. f4 Bg7 4. Nf3 d5 5. Bd3 c5 6. c3 0-0 7. 0-0 Nc6 8. b3 cxd4 9. exd4 Bg4 10. Nbd2 Rc8 11. Bb2 Re8 12. Qe1 a6 13. Ne5 Bd7 14. f5 Nxe5 15. dxe5 Ng4 16. c4 dxc4 17. Nxc4 b5 18. Nd2 Qc7 19. Nf3 Bc6 20. Qg3 Bxf3 21. Rxf3 Nxe5 22. Bxe5 Bxe5 23. Qh3 Bxa1 24. fxg6 Qb6+ 25. Kf1 hxg6 26. Re3 Rc6 27. Qd7 Rf6+ 28. Ke2 Qc6 29. Qxc6 Rxc6 30. Kd2 Bf6 31. Rg3 Rd8 32. Ke3 Rcd6 33. Be4 Rc8 34. Ke2 Rc3 35. Rg4 Bg7 36. h4 f5 37. Bxf5 gxf5 38. Rg5 e6 39. g4 fxg4 40. Rxg4 Rd4 41. Rg6 Rxh4 42. Rxe6 Rh2+ 43. Kd1 Rg3 44. Re1 Bd4 0-1

[Event "Bogota Distrito Capital op-B"]
[Site "Bogota"]
[Date "2024.09.20"]
[Round "2"]
[White "Lopez Ramirez, Jorge Hernan"]
[Black "Soto Leguizamon, David Esteban"]
[Result "1-0"]
[WhiteElo "1921"]
[BlackElo "1605"]
[PlyCount "39"]
[EventDate "2024.09.19"]
[EventType "swiss"]
[EventRounds "7"]
[EventCountry "COL"]
[SourceTitle "EXT 2025"]
[Source "ChessBase"]
[SourceDate "2024.10.14"]
[SourceVersion "1"]
[SourceVersionDate "2024.10.14"]
[SourceQuality "1"]

1. e4 d6 2. d4 g6 3. Nc3 Bg7 4. Be2 Nd7 5. h4 h5 6. Nf3 Ngf6 7. Ng5 c5 8. Be3 cxd4 9. Bxd4 Kf8 10. Bc4 d5 11. exd5 Nb6 12. Bb3 a5 13. Qd2 Bd7 14. d6 e6 15. Qe3 Ra6 16. a4 Bc6 17. Nxf7 Qe8 18. Nxh8 Bxh8 19. Bxb6 Rxb6 20. Qxb6 1-0

[Event "Bogota rapid op"]
[Site "Bogota"]
[Date "2024.09.01"]
[Round "4"]
[White "Soto Leguizamon, David Esteban"]
[Black "Marino Bohorquez, Jeisson Andres"]
[Result "1-0"]
[WhiteElo "1778"]
[BlackElo "1502"]
[PlyCount "155"]
[EventDate "2024.09.01"]
[EventType "swiss (rapid)"]
[EventRounds "7"]
[EventCountry "COL"]
[SourceTitle "EXT 2025"]
[Source "ChessBase"]
[SourceDate "2024.10.14"]
[SourceVersion "1"]
[SourceVersionDate "2024.10.14"]
[SourceQuality "1"]

1. Nf3 d6 2. g3 Nf6 3. Bg2 Nc6 4. d3 b6 5. 0-0 Bb7 6. Nbd2 e6 7. b3 Qe7 8. a4 g6 9. Bb2 Bg7 10. Re1 e5 11. e4 0-0 12. d4 Bc8 13. dxe5 dxe5 14. Nc4 Ng4 15. h3 a6 16. hxg4 Bxg4 17. c3 Qe6 18. Qc2 h5 19. Ne3 Bxf3 20. Bxf3 h4 21. Rad1 hxg3 22. fxg3 f6 23. Be2 Qh3 24. Bc4+ Rf7 25. Bxf7+ Kxf7 26. Qh2 Qe6 27. Rd2 Rh8 28. Qg2 Bh6 29. Rd3 Qxb3 30. Red1 Bxe3+ 31. Kf1 Qxa4 32. Qf3 Rh2 33. Rd7+ Ne7 34. g4 Rf2+ 35. Qxf2 Bxf2 36. Kxf2 Qc2+ 37. R1d2 Qxe4 38. Ba3 Qf4+ 39. Ke2 Qxg4+ 40. Ke1 Qg1+ 41. Ke2 Qg2+ 42. Kd1 Qf3+ 43. Kc2 Qe4+ 44. Kb2 g5 45. Bxe7 Kg6 46. Rxc7 Qa4 47. Rcd7 a5 48. R2d6 Qb5+ 49. Kc2 Qe2+ 50. Rd2 Qe4+ 51. Kb2 Qa4 52. R7d6 Kf7 53. Bxf6 Qb5+ 54. Kc1 Qb3 55. Bxe5 Qa3+ 56. Kc2 Qa2+ 57. Kd3 Qb1+ 58. Ke3 Qe1+ 59. Re2 Qg1+ 60. Rf2+ Ke7 61. Rdd2 Qe1+ 62. Rfe2 Qg1+ 63. Kd3 Qb1+ 64. Rc2 Qb5+ 65. c4 Qd7+ 66. Bd4+ Kf7 67. Rb2 Qf5+ 68. Kc3 Qf3+ 69. Be3 Qf6+ 70. Kb3 Qc6 71. Bxg5 a4+ 72. Kc3 Qf3+ 73. Be3 Qf6+ 74. Bd4 Qf3+ 75. Re3 Qf1 76. Rxb6 Qc1+ 77. Kd3 Qd1+ 78. Ke4 1-0

[Event "American Continental Rapid 18th"]
[Site "Medellin"]
[Date "2024.06.01"]
[Round "7"]
[White "Soto Leguizamon, David Esteban"]
[Black "Dominguez Rincon, Miller Duvan"]
[Result "0-1"]
[WhiteElo "1528"]
[BlackElo "2003"]
[PlyCount "67"]
[EventDate "2024.06.01"]
[EventType "swiss (rapid)"]
[EventRounds "9"]
[EventCountry "COL"]
[SourceTitle "CBM 220 Extra"]
[Source "ChessBase"]
[SourceDate "2024.07.31"]
[SourceVersion "1"]
[SourceVersionDate "2024.07.31"]
[SourceQuality "1"]

1. Nf3 d5 2. g3 e6 3. Bg2 Nf6 4. 0-0 Be7 5. d3 c5 6. Nbd2 Nc6 7. e4 0-0 8. Re1 b5 9. e5 Nd7 10. c3 Qc7 11. d4 a5 12. h4 b4 13. g4 Ba6 14. a3 bxa3 15. bxa3 Rfc8 16. Bf1 Qd8 17. g5 Bf8 18. Bxa6 Rxa6 19. Nf1 Rb6 20. Ng3 Rcb8 21. Bd2 Rb3 22. h5 cxd4 23. cxd4 Rd3 24. Qe2 Rbb3 25. Be3 Bxa3 26. Kg2 Bb2 27. Ra2 Bxd4 28. g6 Bxe3 29. gxf7+ Kxf7 30. fxe3 Ndxe5 31. Nxe5+ Nxe5 32. Rf1+ Kg8 33. Qf2 Rxe3 34. Ne2 0-1

[Event "American Continental Rapid 18th"]
[Site "Medellin"]
[Date "2024.06.01"]
[Round "1"]
[White "Soto Leguizamon, David Esteban"]
[Black "Toro Castaneda, Elizabeth"]
[Result "1-0"]
[WhiteElo "1528"]
[BlackElo "1949"]
[PlyCount "65"]
[EventDate "2024.06.01"]
[EventType "swiss (rapid)"]
[EventRounds "9"]
[EventCountry "COL"]
[SourceTitle "CBM 220 Extra"]
[Source "ChessBase"]
[SourceDate "2024.07.31"]
[SourceVersion "1"]
[SourceVersionDate "2024.07.31"]
[SourceQuality "1"]

1. Nf3 Nf6 2. g3 g6 3. Bg2 Bg7 4. 0-0 0-0 5. d3 c5 6. Nbd2 d5 7. c3 Nc6 8. e4 e5 9. Nh4 Re8 10. a3 b6 11. Qe2 Bg4 12. f3 Be6 13. f4 Bg4 14. Bf3 Bxf3 15. Nhxf3 dxe4 16. dxe4 exf4 17. gxf4 Qd7 18. Kh1 Kh8 19. Rg1 Nxe4 20. Nxe4 f5 21. Qd2 Qb7 22. Nd6 Rad8 23. Nxb7 Rxd2 24. Bxd2 a6 25. Nd6 Rf8 26. Rae1 Bf6 27. Re8 Rxe8 28. Nxe8 Be7 29. Nc7 Bd6 30. Nxa6 Kg7 31. b4 c4 32. Re1 Kf6 33. Ng5 1-0

[Event "American Continental Rapid 18th"]
[Site "Medellin"]
[Date "2024.06.01"]
[Round "6"]
[White "Velasquez, Gabriel"]
[Black "Soto Leguizamon, David Esteban"]
[Result "0-1"]
[WhiteElo "1938"]
[BlackElo "1528"]
[PlyCount "49"]
[EventDate "2024.06.01"]
[EventType "swiss (rapid)"]
[EventRounds "9"]
[EventCountry "COL"]
[SourceTitle "CBM 220 Extra"]
[Source "ChessBase"]
[SourceDate "2024.07.31"]
[SourceVersion "1"]
[SourceVersionDate "2024.07.31"]
[SourceQuality "1"]

1. e4 c5 2. Nf3 d6 3. d4 cxd4 4. Nxd4 Nf6 5. Nc3 g6 6. Bd3 Bg7 7. Nde2 Nc6 8. 0-0 0-0 9. f4 Ng4 10. Qe1 Qb6+ 11. Kh1 e6 12. Qg3 Nf6 13. Rb1 Nb4 14. Be3 Qa5 15. f5 Nxd3 16. cxd3 exf5 17. Qxd6 Rd8 18. Qf4 Rxd3 19. Bd4 Nh5 20. Qf2 Bxd4 21. Nxd4 Qb6 22. Nce2 f4 23. Rbd1 Rxd1 24. Rxd1 Bg4 25. Rd2 0-1

[Event "American Continental Blitz 18th"]
[Site "Medellin"]
[Date "2024.05.29"]
[Round "9"]
[White "Labrador Avendano, Angie Jhoana"]
[Black "Soto Leguizamon, David Esteban"]
[Result "1-0"]
[WhiteElo "1763"]
[BlackElo "1528"]
[PlyCount "77"]
[EventDate "2024.05.29"]
[EventType "swiss (blitz)"]
[EventRounds "9"]
[EventCountry "COL"]
[SourceTitle "CBM 220 Extra"]
[Source "ChessBase"]
[SourceDate "2024.07.31"]
[SourceVersion "1"]
[SourceVersionDate "2024.07.31"]
[SourceQuality "1"]

1. d4 Nf6 2. Bg5 d6 3. c4 Nbd7 4. Nc3 g6 5. e4 Bg7 6. f4 0-0 7. e5 Ne8 8. Nf3 f6 9. exf6 Nexf6 10. d5 Nc5 11. Bd3 Nxd3+ 12. Qxd3 Bf5 13. Qd2 Qd7 14. 0-0 e6 15. Rae1 Rae8 16. dxe6 Bxe6 17. Nd5 Bxd5 18. cxd5 Qb5 19. Rd1 Ne4 20. Qc2 Nc5 21. b3 Re2 22. Qc4 Qxc4 23. bxc4 Rxa2 24. Rb1 b6 25. Rfe1 Rc2 26. Re7 Rf7 27. Re8+ Bf8 28. Bh6 Rxc4 29. Ng5 Rfxf4 30. Ne6 Nxe6 31. dxe6 Rce4 32. Bxf4 Rxf4 33. e7 c5 34. exf8Q+ Rxf8 35. Re7 Rf7 36. Rbe1 d5 37. Rxf7 Kxf7 38. Kf2 b5 39. Ra1 1-0